Büchsenknall und Hörnerklang

Titel: Büchsenknall und Hörnerklang : Jagderinnerungen aus ostdeutschen Landen ; eine Anthologie mit Beiträgen von 31 Autoren / bearb. u. hrsg. von Mark G. v. Pückler
Beteiligt:
Veröffentlicht: Hamburg ˜[u.a.]œ : Parey, 1989
Umfang: 193, [16] S. : Ill., Kt.
Format: Buch
Sprache: Deutsch
Schlagworte:
ISBN: 3490444116
Buchumschlag
X
Lokale Klassifikation: 5 13 B ; 5 10 F
alg: 1116494
001A    $06000:29-08-89 
001B    $06055:09-02-26 $t17:22:55.000 
001C    $06002:03-03-06 $t11:38:28.000 
001D    $00000:00-00-00 
001U    $0utf8 
001X    $00 
002@    $0Aauc 
003@    $0011164948 
003O    $075097858 $aOCoLC 
004A    $03-490-44411-6 
006G    $0891344659 
006U    $090,A01,0999 
007A    $0891344659 $aDNB 
007T    $0Herdhh011164948 
010@    $ager 
011@    $a1989 $n1989 
015@    $0Z 
019@    $ade 
021A    $aBüchsenknall und Hörnerklang $dJagderinnerungen aus ostdeutschen Landen ; eine Anthologie mit Beiträgen von 31 Autoren $hbearb. u. hrsg. von Mark G. v. Pückler 
028C    $BBearb. $D20231015 $Ecgwrk $8Pückler, Mark G.$cvon$Z1940- [Tp1] $950540057X 
033A    $pHamburg {[u.a.] $nParey 
034D    $a193, [16] S. 
034M    $aIll., Kt. 
044K    $RTierfang $RJagdkunde $RJäger $#Hunting $#Chasse $#Caccia $#Caza $#hunting $#Jagd $#Jagd $#Jagen $#Waidwerk $#Weidwerk $D20251120 $Ecgmnf $74027955-8 $8Jagd [Ts1] $9085071552 
045E    $a59 $a39 
045F    $a630.9437 $eDDC23BSB 
045F/01 $a630.9 
045F/03 $g437 
045G    $a800 $eDDC23BSB 
045G/01 $a800 
045G/03 $g437 

lok: 1116494 13
101B    $002-08-95 $t08:57:36.107 
107F    $0080276709 
145Z/01 $aSport B 2737 
145Z/02 $aLit J 595 
101U    $0utf8 

exp: 1116494 13 1 #EPN
201B/01 $009-12-02 $t12:11:10.584 
203@/01 $0080276717 
208@/01 $a14-11-91 $bh 
209A/01 $a90/881 $du $f000 $h90 881 $x00 
209B/01 $a05 $x05 
209C/01 $a90/881 $h90 881 
209G/01 $a00154318 $x00 
247C/01 $8655000-9 <36>Mainz, Wissenschaftliche Stadtbibliothek Mainz $9102599564 
201U/01 $0utf8 

lok: 1116494 24
101B    $001-10-04 $t10:05:30.000 
145Z/01 $a5 13 B 
145Z/02 $a5 10 F 
101U    $0utf8 

exp: 1116494 24 1 #EPN
201B/01 $001-10-04 $t10:05:30.000 
203@/01 $0086591746 
208@/01 $a06-03-95 $bh 
209A/01 $a5 XIII B 24 $du $f050 $h5 13 B 24 $x00 
209C/01 $aG 89.4776 $h89 4776 G 
209G/01 $a70737760 $x00 
247C/01 $8358050-7 Marburg, Bibliothek des Herder-Instituts Marburg $9102600961 
201U/01 $0utf8 

lok: 1116494 78

exp: 1116494 78 1 #EPN
201B/01 $019-04-17 $t17:22:57.000 
201U/01 $0utf8 
203@/01 $0793430259 
208@/01 $a12-11-16 $be 
209A/01 $a/ $f000 $x00 
237A/01 $aweiterführende Signatur(en): Herder-Institut: 5 XIII B 24 
244Z/01 $2Trx $#Kesk- ja Ida- Euroopa kontseptsioonid $#Vidurio Europos koncepcijos $#East-Central Europe $#Keletközépeurópa-eszmék $#Europa Środkowo-Wschodnia koncepcje $#Európa stredovýchodná koncepcie $#Evropa střední, východní část koncepce $#Mitteleuropa $#Osteuropakonzeptionen $#Europa Środkowa koncepcje $#Stredná Európa koncepcie $#Střední Europa koncepce $8--Trx--Ostmitteleuropakonzeptionen $x01 $9391364286 
245Z/01 $a09.03 $x01 
247C/01 $82080>Marburg/Lahn, Herder-Institut, Forschungsbibliothek, Bibliographieportal $9336309341
LEADER 00000cam a2200000 c 4500
001 011164948
003 DE-603
005 20260209172255.0
007 tu
008 890829s1989 xx |||| | u00||u|ger
015 |a 90,A01,0999  |2 dnb 
016 7 |2 DE-101  |a 891344659 
020 |a 3490444116 
035 |a (DE-599)DNB891344659 
035 |a (OCoLC)75097858 
040 |a DE-603  |b ger  |c DE-603  |d DE-603 
041 |a ger 
082 0 4 |8 1\u  |a 630.9437  |q DE-101  |2 23/BSB 
083 0 |8 2\u  |a 800  |q DE-101  |2 23/BSB 
084 |a 59  |a 39  |q DE-101  |2 sdnb 
085 |8 1\u  |b 630.9 
085 |8 1\u  |z 2  |s 437 
085 |8 2\u  |b 800 
085 |8 2\u  |z 2  |s 437 
245 0 0 |a Büchsenknall und Hörnerklang  |b Jagderinnerungen aus ostdeutschen Landen ; eine Anthologie mit Beiträgen von 31 Autoren  |c bearb. u. hrsg. von Mark G. v. Pückler 
264 1 |a Hamburg ˜[u.a.]œ  |b Parey  |c 1989 
300 |a 193, [16] S.  |b Ill., Kt. 
650 7 |a Jagd  |0 (DE-588)4027955-8  |0 (DE-603)085071552  |2 gnd 
700 1 |a Pückler, Mark G. von  |d 1940-  |e Bearb.  |4 edt  |0 (DE-603)50540057X  |0 (DE-588)1282224697  |2 gnd 
924 0 |9 36  |a (DE-603)080276717  |b DE-36  |c HES  |d c  |g 90/881 
924 0 |9 Mb 50  |a (DE-603)086591746  |b DE-Mb50  |c HES  |d c  |g 5 XIII B 24 
924 0 |9 2080  |a (DE-603)793430259  |b DE-2080  |c HES  |d d  |g /